Lei de responsabilidade fiscal e orçamento público municipal / (Record no. 603)

MARC details
000 -LÍDER
Campo Fixo de Controle 00866nam a2200265 a 4500
001 - NÚMERO DE CONTROLE
Campo de Controle 603
003 - IDENTIFICAÇÃO DO NÚMERO DE CONTROLE
Campo de Controle BR-CuiBMT
005 - DATA E HORA DA ÚLTIMA ATUALIZAÇÃO
Campo de Controle 20231110163446.0
008 - DADOS FIXOS
Dados Fixos 231101s2011 prba 001 0 por d
020 ## - INTERNATIONAL STANDARD BOOK NUMBER
Nº do ISBN 9788536235448
040 ## - AGÊNCIA CATALOGADORA
Código da Agência Catalogadora BR-CuiBMT
Agência que transcreveu o registro BR-CuiBMT
080 ## - Nº DA CLASSIFICAÇÃO DECIMAL UNIVERSAL
Nº Class. CDU 351.72:352
Nº edição CDU 2007
090 ## - NÚMERO DE CHAMADA
Nº classificação 351.72:352
Cutter B898l
Ano/Edição 4. ed.
100 1# - ENTRADA PRINCIPAL -- AUTOR PESSOAL
Nome pessoal Bruno, Reinaldo Moreira
245 #0 - TÍTULO PRINCIPAL
Título principal Lei de responsabilidade fiscal e orçamento público municipal /
Indicação de responsabilidade Reinaldo Moreira Bruno.
250 ## - EDIÇÃO
Edição 4. ed. rev. e atual.
260 ## - PUBLICAÇÃO, DISTRIBUIÇÃO, ETC.
Local de publicação Curitiba:
Editora Juruá,
Data 2011.
300 ## - DESCRIÇÃO FÍSICA
N. páginas ou volumes 350 p. ;
Ilustrações il. :
Dimensões 21 cm
504 ## - NOTA DE BIBLIOGRAFIA, ETC.
Nota de bibliografia Inclui bibliografia e índice.
650 ## - ASSUNTO TÓPICO
Cabeçalho tópico ou nome geográfico Lei de Responsabilidade fiscal
Subdivisão geral Município
Subdivisão geográfica Brasil
650 ## - ASSUNTO TÓPICO
Cabeçalho tópico ou nome geográfico Finanças públicas
Subdivisão de forma Legislação
Subdivisão geográfica Brasil
650 ## - ASSUNTO TÓPICO
Cabeçalho tópico ou nome geográfico Administração pública
Subdivisão geográfica Brasil
650 ## - ASSUNTO TÓPICO
Cabeçalho tópico ou nome geográfico Orçamento público
Subdivisão geográfica Brasil
942 ## - ELEMENTOS DE ENTRADA ADICIONAIS (KOHA)
Fonte de classificação ou esquema de arquivamento Classificação Decimal Universal
Tipo de item do Koha Livros
Holdings
Estado: removido Estado: perdido Fonte de classificação ou esquema de arquivamento Estado: danificado Indisponível para empréstimo Localização permanente Localização atual Data de aquisição Total Checkouts Número de Chamada completo Código de barras Date last seen Número do exemplar Preço efetivo a partir de Tipo de item (Koha)
    Classificação Decimal Universal     Biblioteca da Escola Superior de Contas do TCE/MT Biblioteca da Escola Superior de Contas do TCE/MT 02/04/2013   351.72:352 B898l 4. ed. BIBTCEMT23110419 10/11/2023 Ex. 1 10/11/2023 Livros
    Classificação Decimal Universal     Biblioteca da Escola Superior de Contas do TCE/MT Biblioteca da Escola Superior de Contas do TCE/MT 02/04/2013   351.72:352 B898l 4. ed. BIBTCEMT23110420 10/11/2023 Ex. 2 10/11/2023 Livros

Powered by Koha